00284nam a2200109Ia 4500008004100000082001600041100001500057245004400072250000800116260004200124300000800166191201s2012 xx 000 0 und d a621.26bKHT aKHURMI, RS 0aTextbook of Hydraulics, Fluid Mechanics aRep c2012bS Chand and Co. Ltd.aNew Delhi a666